Countries with extreme points of Asia - Statistics

General Stats
  • This quiz has been taken 128 times
  • The average score is 7 of 9
Answer Stats
Extreme points Country % Correct
Northernmost point (island), 81°52'N Russia
95%
Westernmost point, 26°4'E Turkey
91%
Southernmost point (island), 11°00'S Indonesia
90%
Northernmost point (mainland), 77°43'N Russia
89%
Highest point, 8850m China / Nepal
87%
Easternmost point (mainland), 169°40'W Russia
79%
Easternmost point (island), 169°03'W Russia
76%
Southernmost point (mainland), 1°16'N Malaysia
74%
Lowest point, -427m Jordan / Israel
67%
No matching quizzes found
Score Distribution
Percent of People with Each Score
Percentile by Number Answered
Your Score History
You have not taken this quiz